000 00337 a2200133 4500
999 _c327982
_d327982
001 92909
003 NUST
005 20180120143055.0
008 180120b xxu||||| |||| 00| 0 eng d
082 _a297.122 GHA
100 _aDr. Mehmood Ahmed Ghazi
_99222
245 _aMahaziraat-e-Qurani
_hUrdu
250 _a1st
260 _aLahore
_bAl Faisal Nashiraan wo Tajiraan-e-Qutub
_c2016
300 _a343
942 _a297.122 GHA
_cBK
_kNUST CAE
_2ddc